Student's solutions manual [to] Introductory algebra / Margaret L. Lial, John Hornsby, Terry McGinnis. 8th ed. / (Record no. 3732)
[ view plain ]
| 000 -LEADER | |
|---|---|
| fixed length control field | 00788nam a22002412 4500 |
| 001 - CONTROL NUMBER | |
| control field | 0000013612 |
| 005 - DATE AND TIME OF LATEST TRANSACTION | |
| control field | 20151217145903.0 |
| 008 - FIXED-LENGTH DATA ELEMENTS--GENERAL INFORMATION | |
| fixed length control field | 091004s xx 000 0 eng d |
| 020 ## - INTERNATIONAL STANDARD BOOK NUMBER | |
| International Standard Book Number | 0321285808 : |
| 040 ## - CATALOGING SOURCE | |
| Original cataloging agency | KABU |
| Transcribing agency | KABU |
| 100 1# - MAIN ENTRY--PERSONAL NAME | |
| Personal name | Cole, Jeffrey A. |
| -- | 0000154599 |
| 245 10 - TITLE STATEMENT | |
| Title | Student's solutions manual [to] Introductory algebra / Margaret L. Lial, John Hornsby, Terry McGinnis. 8th ed. / |
| Statement of responsibility, etc. | Jeffrey A. Cole. |
| 250 ## - EDITION STATEMENT | |
| Edition statement | 1st ed. |
| 260 ## - PUBLICATION, DISTRIBUTION, ETC. (IMPRINT) | |
| Place of publication, distribution, etc. | Boston : |
| Name of publisher, distributor, etc. | Addison Wesley, |
| Date of publication, distribution, etc. | 2006. |
| 300 ## - PHYSICAL DESCRIPTION | |
| Extent | 402 p. |
| 650 #0 - SUBJECT ADDED ENTRY--TOPICAL TERM | |
| Topical term or geographic name as entry element | Algebra. |
| -- | 0000155076 |
| 700 1# - ADDED ENTRY--PERSONAL NAME | |
| Personal name | Lial, Margaret L. |
| -- | 0000154072 |
| 700 1# - ADDED ENTRY--PERSONAL NAME | |
| Personal name | Hornsby, John. |
| -- | 0000155080 |
| 700 1# - ADDED ENTRY--PERSONAL NAME | |
| Personal name | McGinnis, Terry. |
| -- | 0000171083 |
| 852 1# - LOCATION | |
| -- | p1949 KES |
| 908 ## - PUT COMMAND PARAMETER (RLIN) | |
| Put command parameter | 091004 |
| 950 ## - LOCAL HOLDINGS (RLIN) | |
| -- | 1 |
| Withdrawn status | Lost status | Source of classification or shelving scheme | Not for loan | Home library | Current library | Date acquired | Total Checkouts | Full call number | Barcode | Date last seen | Price effective from | Koha item type |
|---|---|---|---|---|---|---|---|---|---|---|---|---|
| Library of Congress Classification | Kabarak, Main Campus | Kabarak, Main Campus | 17/12/2015 | QA152.2 .C65 2006 c. 1 | 18202 | 17/12/2015 | 17/12/2015 | General Collection |